Women, race, & class /

Bibliographic Details
Main Author: Davis, Angela Y. (Angela Yvonne), 1944-
Format: Book
Language:English
Published: New York : Random House, [1981]
Edition:1st ed.
Subjects:

MARC

Tag First Indicator Second Indicator Subfields
LEADER 00000pam a2200000 a 4500
001 in00000072050
005 20151008062526.0
008 810417s1981 nyu b 00010 eng
010 |a  81040243  
020 |a 0394510399 :  |c $13.50 
035 |a (OCoLC)07459645 
035 |9 AAK0409AM 
040 |a DLC  |c DLC  |d TXA  |d UtOrBLW 
043 |a n-us--- 
049 |a TXAM  |c [1361359] 
050 0 0 |a HT1521  |b .D38 
082 0 |a 305.4/2  |2 19 
100 1 |a Davis, Angela Y.  |q (Angela Yvonne),  |d 1944- 
245 1 0 |a Women, race, & class /  |c Angela Y. Davis. 
250 |a 1st ed. 
264 1 |a New York :  |b Random House,  |c [1981] 
264 4 |c ©1981 
300 |a 271 pages ;  |c 22 cm. 
336 |a text  |b txt  |2 rdacontent 
337 |a unmediated  |b n  |2 rdamedia 
338 |a volume  |b nc  |2 rdacarrier 
504 |a Includes bibliographical references. 
650 0 |a Racism  |z United States. 
650 0 |a Sexism  |z United States. 
650 0 |a African American women  |x History. 
651 0 |a United States  |x Race relations. 
651 0 |a United States  |x Economic conditions  |y 1961-1971. 
944 |a stk  |h REPL<129847>REP-SAME<>REF<rhankins>  |m Replacement on order 
999 |a MARS 
999 f f |s 80cd3cfa-568a-36dd-be9d-063329e161ae  |i 890be967-143f-3285-8077-e2608b6e844b  |t 0 
952 f f |p normal  |a Texas A&M University  |b College Station  |c Sterling C. Evans Library  |d Evans: Library Stacks  |t 0  |e HT1521 .D38  |h Library of Congress classification  |i unmediated -- volume  |m A14806145198 
952 f f |p normal  |a Texas A&M University  |b College Station  |c Sterling C. Evans Library  |d Evans: Library Stacks  |t 0  |e HT1521 .D38  |h Library of Congress classification  |i unmediated -- volume  |m A14834691246 
998 f f |a HT1521 .D38  |t 0  |l Evans: Library Stacks 
998 f f |a HT1521 .D38  |t 0  |l Evans: Library Stacks